Państwa o najwyższej dzietności - Statystyki

Ogólne statystyki
  • Ten quiz został rozwiązany 3 748 razy
    1 431 od ostatniego zresetowania
  • Średni wynik to 13 z 20
Statystyki odpowiedzi
Współczynnik Państwo % Poprawnych
5,79 Niger
95%
4,30 Nigeria
93%
5,90 Demokratyczna Republika Konga
85%
5,94 Czad
80%
4,19 Sudan
79%
5,91 Somalia
77%
5,42 Mali
75%
4,95 Angola
68%
4,47 Tanzania
68%
4,56 Mauretania
67%
4,19 Kamerun
65%
4,06 Uganda
65%
5,81 Republika Środkowoafrykańska
64%
4,62 Mozambik
63%
4,07 Togo
61%
4,17 Wybrzeże Kości Słoniowej
61%
4,42 Benin
56%
4,68 Burundi
51%
4,66 Afganistan
40%
4,41 Jemen
37%
Nie znaleziono quizów pasujących do podanych kryteriów
Rozkład punktacji
Procent ludzi z każdym wynikiem
Percentyl według liczby udzielonych odpowiedzi
Twoja historia wyników
Nie rozwiązałeś tego quizu od ostatniego zresetowania